| 000 | 00833nam a2200301Ia 4500 | ||
|---|---|---|---|
| 001 | 34509 | ||
| 003 | IT-RoPAU | ||
| 008 | 130308s9999 xx 000 0 und d | ||
| 040 | _aIT-RoPAU | ||
| 040 | _cIT-RoPAU | ||
| 041 | _aFRANCESE | ||
| 100 | _aHutt Clelia | ||
| 100 | _gCodice Aut. SPICS: 15342 | ||
| 245 | _aDictionnaire du langage gestuel chez les trappistes | ||
| 245 | _bLangages-Pratiques et Langages Gestuels | ||
| 250 | _a1a ed. | ||
| 260 | _aPARIS | ||
| 260 | _bDidier/Larousse | ||
| 260 | _c1968 [1° Ed.:1968 - Ed.Ling.Originale:1968] | ||
| 300 | _a"12 p. (prefazione: no ; testo: 12 [pagine: 107-118])" | ||
| 500 | _aLinguaggio gestuale dei Trappisti | ||
| 650 | _aCOMUNICAZIONE NON VERBALE | ||
| 650 | _eCodice materia Spics: 8100 | ||
| 942 | _cBK | ||
| 957 | _71 | ||
| 999 |
_c60992 _d60992 |
||
| 999 | _bSI | ||
| 999 | _g1 | ||